Countries with Lowest Immigrant Population - Statistics

General Stats
  • This quiz has been taken 110 times
  • The average score is 9 of 26
Answer Stats
% Country % Correct
0.2 North Korea
85%
0.3 Iraq
59%
0.3 Afghanistan
56%
0.1 China
50%
0.3 Laos
50%
0.2 Myanmar
49%
0.5 Cambodia
46%
0.4 India
45%
0.1 Vietnam
45%
0.1 Cuba
41%
0.2 Somalia
40%
0.1 Indonesia
37%
0.2 Eritrea
33%
0.4 Haiti
33%
0.1 Lesotho
32%
0.4 Papua New Guinea
29%
0.1 Madagascar
22%
0.4 Egypt
21%
0.4 Honduras
17%
0.3 Peru
17%
0.3 Tunisia
17%
0.2 Morocco
16%
0.5 Guatemala
15%
0.3 Colombia
13%
0.4 Angola
11%
0.3 South Africa
7%
No matching quizzes found
Score Distribution
Percent of People with Each Score
Percentile by Number Answered
Your Score History
You have not taken this quiz